000 00776nac a22002171u 4500
010 _a 95005259
020 _a0309052483
020 _a0309052467 (pbk.)
082 0 0 _a338.1
_bPRE
090 _c7308
_d7308
100 _aPretty, Jules N.
245 1 0 _aRegenerating agriculture :
_bpolicies and practice for sustainability and self-reliance /
_cJules N. Pretty.
260 _aWashington, D.C. :
_bJoseph Henry Press,1995
_c1995.
300 _a320p.;
_c23 cm.
500 _adistributer: Al-Ahram
504 _aIncludes bibliographical references (p. ) and index.
511 _acatalogued by: wessam
650 0 _aSustainable agriculture.
650 0 _aSustainable agriculture
_xGovernment policy.
942 _cBB
_k338.1PRE
999 _c7308
_d7308